| 000 | 00813nam a2200205Ii 4500 | ||
|---|---|---|---|
| 003 | JO-AjNU | ||
| 008 | 230605s9999||||xx |||||||||||||| ||und|| | ||
| 040 |
_aJO-AjNU _bara _erda _cJO-AjNU |
||
| 041 | _aara | ||
| 050 | 1 | 4 | _aHD30.23 2011 |
| 100 | 3 |
_aاليامي، احمد مداوس, _eauthor _933912 |
|
| 245 | 0 | 0 | _aصنع القرار الجماعي مفهوم ونموذج تفكير القطيع |
| 264 | 3 | 1 | _aالقاهرة: المنظمة العربية للتنمية الادارية، 2011 |
| 300 |
_a56ص _bيحتوي على ببلوغرافية من ص52-56ص |
||
| 336 |
_atext _btxt _2rdacontent |
||
| 337 |
_aunmediated _bn _2rdamedia |
||
| 338 |
_avolume _bnc _2rdacarrier |
||
| 490 | 0 | _aاصدار خاص عن المجلة العربية للادارة | |
| 650 | 4 |
_aصنع القرار _933913 |
|
| 999 |
_aA13850 _c17418 _d17418 |
||